| 000 | 00428mam a2200145 a 4500 | ||
|---|---|---|---|
| 020 | _a0870448366 | ||
| 020 | _a0870448374 (Deluxe) | ||
| 050 | 0 | 0 |
_aTA15 _b.B85 1992 |
| 245 | 0 | 4 |
_aThe Builders : _bmarvels of engineering / _cpublished by the Book Division, National Geographic Society. |
| 260 |
_aWashington, DC : _bThe Society, _c1992. |
||
| 300 | _a288 p. : | ||
| 500 | _aIncludes index. | ||
| 650 | 0 | _xHistory. | |
| 942 |
_2lcc _cGEN |
||
| 999 |
_c8581 _d8581 |
||